| 000 | 01586ctm a2200361 a 4500 | ||
|---|---|---|---|
| 001 | med47000741 | ||
| 003 | DLC | ||
| 005 | 20260227111600.0 | ||
| 008 | 810625s1933 xx af 000 0 ger | ||
| 010 | _amed47000741 | ||
| 040 |
_aDLC _cDLC _dDLC |
||
| 043 | _ae-gx--- | ||
| 050 | 0 | 0 |
_aRM130 _b.B5 |
| 110 | 2 | _aBiochemischer Bund Deutschlands. | |
| 245 | 1 | 4 |
_aDer Biobund im nationalen Deutschland / _cvon Bundespräsident Walter Hayn, Potsdam. |
| 246 | 1 | 4 | _aDeutsche Volksheilbewegung |
| 260 | _c1933. | ||
| 300 |
_a36 p., [11] leaves of plates ([1] folded) : _bill. (some col.) ; _c30 cm. |
||
| 500 | _aTypescript. | ||
| 500 | _a"Die deutsche Volksheilbewegung : der Biobund in national-sozialistischen Deutschland. Dem Kanzler des neuen Deutschland Adolf Hitler"--Cover. | ||
| 500 | _aIssues of two journals: "Der Berater, offizielles Organ des Verbandes biochemischer Berater e.V. Potsdam, 3. Jahrg., Heft 6, 1933" (p. 123-144) and "Zeitschrift für Biochemie, volkstümliches Fachorgan für Mineralstoffe. 32. Jahrg., Nummer 5, Mai 1933" (p. [67]-80) inserted. | ||
| 510 | 4 |
_aGassert & Mattern. Hitler library, _c384 |
|
| 561 | _5DLC | ||
| 650 | 0 | _aMedicine, Biochemic. | |
| 610 | 2 | 0 | _aBiochemischer Bund Deutschlands. |
| 650 | 0 | _aNational socialism and medicine. | |
| 650 | 0 |
_aMedicine _zGermany. |
|
| 700 | 1 | _aHayn, Walter. | |
| 700 | 1 |
_aHitler, Adolf, _d1889-1945, _eformer owner. _5DLC |
|
| 710 | 2 |
_aThird Reich Collection (Library of Congress) _5DLC |
|
| 730 | 0 | _aBerater. | |
| 730 | 0 | _aZeitschrift für Biochemie. | |
| 999 |
_c38163 _d38163 |
||